000
00348 a2200169 4500
001
74046
020
_a
852623422-6
040
_c
Anchieta - Colégio São Paulo
100
_a
sSeele, Philip
240
1
0
_a
Ilhas
_l
por
245
1
0
_a
Ilhas
300
_a
32
362
0
_a
1998
440
1
_a
Scipione
650
4
_a
Geografia e viagens
942
_c
BK
999
_c
74046
_d
74046